|
|
|
|
| LEADER |
02406nam a22004094a 4500 |
| 001 |
18798 |
| 003 |
BD-DhAAL |
| 005 |
20230626124921.0 |
| 008 |
230626t2003 inua b s001 0 eng d |
| 010 |
|
|
|a 2002153776
|
| 020 |
|
|
|a 0253216052 ((pbk. : alk. paper)
|
| 020 |
|
|
|a 025334252X (alk. paper)
|
| 020 |
|
|
|a 9780253216052
|
| 040 |
|
|
|a DLC
|c DLC
|d DLC
|d BD-DhAAL
|
| 042 |
|
|
|a pcc
|
| 043 |
|
|
|a a------
|a f------
|
| 050 |
0 |
0 |
|a BP185.7
|b .N48 2003
|
| 082 |
0 |
0 |
|a 302.230917671
|
| 245 |
0 |
0 |
|a New media in the Muslim world :
|b the emerging public sphere /
|c edited by Dale F. Eickelman and Jon W. Anderson.
|
| 250 |
|
|
|a Second edition.
|
| 260 |
|
|
|a Bloomington, IN :
|b Indiana University Press,
|c c2003.
|
| 300 |
|
|
|a xv, 213 pages :
|b illustrations ;
|c 24 cm.
|
| 490 |
|
|
|a Indiana series in Middle East studies
|
| 504 |
|
|
|a Includes bibliographical references and index.
|
| 505 |
0 |
|
|a Redefining Muslim publics / Dale F. Eickelman and Jon E. Anderson -- The new media, civic pluralism, and the struggle for political reform / Augustus Richard Norton -- Communication and control in the Middle East : publication and its discontents / Dale F. Eickelman -- The internet and Islam's new interpreters / Jon W. Anderson -- The birth of a media ecosystem : Lebanon in the internet age / Yves Gonzalez-Quijano -- Muslim identities and the great chain of buying / Gregory Starrett -- Bourgeois leisure and Egyptian media fantasies / Walter Armbrust -- From piety to romance : Islam-oriented texts in Bangladesh / Maimuna Huq -- Civic pluralism denied? jihadi radicals and new media in post-Suharto Indonesia / Robert W. Hefner -- Media identities for Alevis and Kurds in Turkey / M. Hakan Yavuz.
|
| 541 |
|
|
|e 18798
|
| 650 |
|
0 |
|a Communication
|x Religious aspects
|x Islam.
|9 54900
|
| 650 |
|
0 |
|a Communication
|x Social aspects
|z Islamic countries.
|9 54901
|
| 650 |
|
0 |
|a Communication policy
|z Islamic countries.
|9 54902
|
| 650 |
|
0 |
|a Discourse analysis
|x Social aspects
|z Islamic countries.
|9 54903
|
| 650 |
|
0 |
|a Mass media in religion.
|9 54904
|
| 700 |
1 |
|
|a Eickelman, Dale F.,
|d 1942-
|9 54905
|
| 700 |
1 |
|
|a Anderson, Jon W.
|9 54906
|
| 852 |
|
|
|a Ayesha Abed Library
|c General Stacks
|
| 942 |
|
|
|2 ddc
|c BK
|
| 999 |
|
|
|c 45934
|d 45934
|
| 952 |
|
|
|0 0
|1 0
|2 ddc
|4 0
|6 302_230917671000000_NEW
|7 0
|9 73869
|a BIGD
|b BIGD
|c GEN
|d 2023-06-26
|l 0
|o 302.230917671 NEW
|p 3050018798
|r 2023-06-26
|t 1
|w 2023-06-26
|y BK
|x Transferred from BDI to BIGD.
|